[Event "European Individual Chess Championship "]
[Site "Reykjavik, Iceland"]
[Date "2021.08.30"]
[Round "5.38"]
[White "Jones, Gawain C B"]
[Black "Kaasen, Tor Fredrik"]
[Result "1/2-1/2"]
[WhiteElo "2684"]
[BlackElo "2406"]
[PlyCount "103"]
[EventDate "2021.08.26"]

1. Nf3 {[%emt 0:00:02]} d5 {[%emt 0:01:07]} 2. g3 {[%emt 0:00:09]} Nf6 {
[%emt 0:00:47]} 3. Bg2 {[%emt 0:00:06]} e6 {[%emt 0:00:37]} 4. O-O {[%emt 0:00:
07]} Be7 {[%emt 0:00:23]} 5. c4 {[%emt 0:00:07]} O-O {[%emt 0:00:31]} 6. b3 {
[%emt 0:00:06]} b6 {[%emt 0:00:41]} 7. Nc3 {[%emt 0:00:12]} Bb7 {[%emt 0:00:55]
} 8. d4 {[%emt 0:00:05]} Nbd7 {[%emt 0:01:42]} 9. Bb2 {[%emt 0:02:21]} c5 {
[%emt 0:04:13]} 10. cxd5 {[%emt 0:02:46]} Nxd5 {[%emt 0:02:19]} 11. Nxd5 {
[%emt 0:04:30]} Bxd5 {[%emt 0:02:51]} 12. dxc5 {[%emt 0:01:16]} Nxc5 {[%emt 0:
04:41]} 13. b4 {[%emt 0:01:28]} Nd7 {[%emt 0:05:49]} 14. Nd4 {[%emt 0:00:26]}
Bxg2 {[%emt 0:07:59]} 15. Kxg2 {[%emt 0:02:53]} Rc8 {[%emt 0:02:11]} 16. Qb3 {
[%emt 0:07:50]} Bf6 {[%emt 0:09:07]} 17. Rfd1 {[%emt 0:06:55]} Qc7 {[%emt 0:02:
24]} 18. f3 {[%emt 0:01:17]} Qc4 {[%emt 0:11:36]} 19. Rdc1 {[%emt 0:01:02]}
Qxb3 {[%emt 0:08:41]} 20. axb3 {[%emt 0:00:18]} Rxc1 21. Rxc1 {[%emt 0:00:13]}
Nb8 {[%emt 0:01:00]} 22. f4 {[%emt 0:11:31]} Na6 {[%emt 0:08:15]} 23. e3 {
[%emt 0:12:09]} Nxb4 {[%emt 0:03:31]} 24. Ba3 {[%emt 0:00:20]} Bxd4 {[%emt 0:
02:45]} 25. exd4 {[%emt 0:00:11]} a5 {[%emt 0:00:08]} 26. Bxb4 {[%emt 0:02:03]}
axb4 {[%emt 0:00:07]} 27. Kf3 {[%emt 0:01:07]} Rd8 {[%emt 0:01:39]} 28. Ke4 {
[%emt 0:02:39]} h5 {[%emt 0:06:24]} 29. Rc6 {[%emt 0:01:57]} Rb8 {[%emt 0:01:
24]} 30. d5 {[%emt 0:10:18]} exd5+ {[%emt 0:01:35]} 31. Kxd5 {[%emt 0:00:07]}
Rd8+ {[%emt 0:03:38]} 32. Rd6 {[%emt 0:00:17]} Re8 {[%emt 0:03:20]} 33. Rxb6 {
[%emt 0:06:33]} Re2 {[%emt 0:00:06]} 34. Rxb4 {[%emt 0:01:01]} Rxh2 {[%emt 0:
00:06]} 35. Rc4 {[%emt 0:00:37]} Rh3 {[%emt 0:01:20]} 36. b4 {[%emt 0:00:15]}
Rxg3 {[%emt 0:00:51]} 37. b5 {[%emt 0:00:06]} Kh7 {[%emt 0:02:23]} 38. b6 {
[%emt 0:02:48]} Rb3 {[%emt 0:01:07]} 39. Kc6 {[%emt 0:01:01]} h4 {[%emt 0:01:
03]} 40. b7 {[%emt 0:05:56]} h3 {[%emt 0:00:28]} 41. f5 {[%emt 0:20:35]} g5 {
[%emt 0:03:02]} 42. fxg6+ {[%emt 0:03:24]} Kxg6 {[%emt 0:02:20]} 43. Rg4+ {
[%emt 0:00:27]} Kh5 {[%emt 0:00:45]} 44. Rg8 {[%emt 0:01:16]} Kh4 {[%emt 0:00:
44]} 45. b8=Q {[%emt 0:00:37]} Rxb8 {[%emt 0:00:07]} 46. Rxb8 {[%emt 0:00:05]}
h2 {[%emt 0:00:10]} 47. Kd6 {[%emt 0:00:16]} Kg3 {[%emt 0:00:12]} 48. Rg8+ {
[%emt 0:00:21]} Kf2 {[%emt 0:00:06]} 49. Rh8 {[%emt 0:00:05]} Kg2 {[%emt 0:00:
05]} 50. Ke5 {[%emt 0:00:10]} h1=Q {[%emt 0:00:10]} 51. Rh6 {[%emt 0:00:03]}
Qh2+ 52. Rxh2+ {[%emt 0:00:05] Kh1} 1/2-1/2

[Event "European Individual Chess Championship "]
[Site "Reykjavik, Iceland"]
[Date "2021.08.30"]
[Round "5.39"]
[White "Deac, Bogdan-Daniel"]
[Black "Krastev, Alexander"]
[Result "1-0"]
[WhiteElo "2639"]
[BlackElo "2389"]
[PlyCount "95"]
[EventDate "2021.08.26"]

1. e4 {[%emt 0:00:02]} c5 {[%emt 0:00:14]} 2. Nf3 {[%emt 0:00:03]} Nf6 {
[%emt 0:00:07]} 3. e5 {[%emt 0:00:09]} Nd5 {[%emt 0:00:05]} 4. Nc3 {[%emt 0:00:
02]} e6 {[%emt 0:00:06]} 5. Ne4 {[%emt 0:00:09]} f5 {[%emt 0:02:07]} 6. Nc3 {
[%emt 0:00:12]} Nxc3 {[%emt 0:04:18]} 7. dxc3 {[%emt 0:00:27]} Nc6 {[%emt 0:00:
18]} 8. Bf4 {[%emt 0:02:35]} b6 {[%emt 0:14:36]} 9. h4 {[%emt 0:09:05]} Bb7 {
[%emt 0:03:04]} 10. Rh3 {[%emt 0:03:58]} Qc7 {[%emt 0:11:04]} 11. Qe2 {[%emt 0:
00:36]} Be7 {[%emt 0:06:06]} 12. Ng5 {[%emt 0:16:56]} g6 {[%emt 0:14:47]} 13.
h5 {[%emt 0:05:31]} Rg8 {[%emt 0:00:20]} 14. hxg6 {[%emt 0:02:59]} hxg6 {
[%emt 0:00:20]} 15. O-O-O {[%emt 0:00:15]} O-O-O {[%emt 0:00:33]} 16. Qe3 {
[%emt 0:06:33]} Rg7 {[%emt 0:09:40]} 17. Be2 {[%emt 0:10:31]} Rdg8 {[%emt 0:02:
59]} 18. Rg3 {[%emt 0:04:55]} Rh8 {[%emt 0:04:52]} 19. Nf3 {[%emt 0:01:54]} Kb8
{[%emt 0:08:57]} 20. Qd2 {[%emt 0:02:23]} Kc8 {[%emt 0:00:54]} 21. b3 {[%emt 0:
00:59]} Nd8 {[%emt 0:01:38]} 22. Bh6 {[%emt 0:01:04]} Rgg8 {[%emt 0:05:50]} 23.
Bg5 {[%emt 0:03:00]} Rh7 {[%emt 0:00:06]} 24. Bxe7 {[%emt 0:07:21]} Rxe7 25.
Nh4 {[%emt 0:00:10]} Reg7 {[%emt 0:02:03]} 26. f4 {[%emt 0:00:08]} g5 {[%emt 0:
05:37]} 27. Rxg5 {[%emt 0:00:23]} Rxg5 {[%emt 0:00:06]} 28. fxg5 {[%emt 0:00:
05]} Nf7 {[%emt 0:01:15]} 29. Nf3 {[%emt 0:00:09]} Rg7 {[%emt 0:02:06]} 30. Bb5
{[%emt 0:00:50]} Bd5 {[%emt 0:00:45]} 31. Ba6+ {[%emt 0:01:12]} Kb8 {[%emt 0:
00:20]} 32. Rh1 {[%emt 0:00:49]} Rg8 {[%emt 0:00:29]} 33. Rh7 {[%emt 0:01:50]}
Nxe5 {[%emt 0:00:29]} 34. Nxe5 {[%emt 0:00:10]} Qxe5 {[%emt 0:00:03]} 35. Rxd7
{[%emt 0:00:21]} f4 {[%emt 0:00:17]} 36. Kb2 {[%emt 0:12:41]} Rxg5 {[%emt 0:00:
49]} 37. a4 {[%emt 0:01:32]} Rg3 {[%emt 0:00:39]} 38. Rb7+ {[%emt 0:01:31]} Ka8
{[%emt 0:00:54]} 39. Rf7 {[%emt 0:02:11]} Kb8 {[%emt 0:00:08]} 40. Rxf4 {
[%emt 0:01:00]} Rxg2 {[%emt 0:00:52]} 41. Rf8+ {[%emt 0:00:34]} Kc7 {[%emt 0:
02:21]} 42. Rf7+ {[%emt 0:08:07]} Kd6 {[%emt 0:08:03]} 43. Qh6 {[%emt 0:00:29]}
Qg5 {[%emt 0:01:14]} 44. Qf8+ {[%emt 0:00:36]} Ke5 {[%emt 0:00:14]} 45. Bd3 {
[%emt 0:00:14]} Bc6 {[%emt 0:03:37]} 46. Qb8+ {[%emt 0:01:04]} Kd5 {[%emt 0:00:
05]} 47. Rf4 {[%emt 0:00:11]} Bd7 {[%emt 0:01:11]} 48. Be4# {[%emt 0:00:07]}
1-0

[Event "European Individual Chess Championship "]
[Site "Reykjavik, Iceland"]
[Date "2021.08.30"]
[Round "5.40"]
[White "Kjartansson, David"]
[Black "Bosiocic, Marin"]
[Result "0-1"]
[WhiteElo "2326"]
[BlackElo "2610"]
[PlyCount "66"]
[EventDate "2021.08.26"]

1. d4 {[%emt 0:00:04]} Nf6 {[%emt 0:00:12]} 2. c4 {[%emt 0:00:14]} e6 {[%emt 0:
00:11]} 3. Nf3 {[%emt 0:01:00]} b6 {[%emt 0:00:21]} 4. Bf4 {[%emt 0:01:07]} Bb7
{[%emt 0:01:14]} 5. e3 {[%emt 0:00:11]} Bb4+ {[%emt 0:00:12]} 6. Nfd2 {[%emt 0:
01:12]} O-O {[%emt 0:01:45]} 7. a3 {[%emt 0:00:07]} Be7 {[%emt 0:00:31]} 8. Nc3
{[%emt 0:00:21]} h6 {[%emt 0:05:04]} 9. Bd3 {[%emt 0:06:38]} d6 {[%emt 0:04:06]
} 10. O-O {[%emt 0:05:51]} Nbd7 {[%emt 0:00:10]} 11. h3 {[%emt 0:00:47]} Re8 {
[%emt 0:00:13]} 12. Bh2 {[%emt 0:00:16]} Bf8 {[%emt 0:01:02]} 13. b4 {[%emt 0:
04:22]} a6 {[%emt 0:02:48]} 14. Be2 {[%emt 0:16:30]} Ra7 {[%emt 0:14:26]} 15.
Bf3 {[%emt 0:02:17]} Qa8 {[%emt 0:00:26]} 16. Bxb7 {[%emt 0:01:33]} Qxb7 {
[%emt 0:00:19]} 17. Qf3 {[%emt 0:00:13]} Qxf3 {[%emt 0:01:45]} 18. Nxf3 {
[%emt 0:00:10]} c5 {[%emt 0:00:57]} 19. Nd2 {[%emt 0:18:55]} cxd4 {[%emt 0:03:
17]} 20. exd4 {[%emt 0:00:06]} Rc8 {[%emt 0:00:08]} 21. Rac1 {[%emt 0:02:05]}
Rac7 {[%emt 0:02:42]} 22. Rfe1 {[%emt 0:02:02]} g5 {[%emt 0:06:10]} 23. Kf1 {
[%emt 0:01:29]} Nh5 {[%emt 0:03:02]} 24. Ne2 {[%emt 0:13:37]} f5 {[%emt 0:05:
58]} 25. g4 {[%emt 0:06:10]} Nhf6 {[%emt 0:00:09]} 26. gxf5 {[%emt 0:01:52]}
exf5 {[%emt 0:00:09]} 27. f4 {[%emt 0:02:05]} Kf7 {[%emt 0:03:07]} 28. fxg5 {
[%emt 0:05:51]} hxg5 {[%emt 0:00:36]} 29. h4 {[%emt 0:00:26]} Ng4 {[%emt 0:01:
41]} 30. Bg1 {[%emt 0:00:12]} gxh4 {[%emt 0:00:42]} 31. Nf3 {[%emt 0:02:26]}
Bh6 {[%emt 0:03:45]} 32. Nxh4 {[%emt 0:01:47]} Bxc1 {[%emt 0:00:21]} 33. Nxf5 {
[%emt 0:00:14]} Rf8 {[%emt 0:06:06]} 0-1

[Event "European Individual Chess Championship "]
[Site "Reykjavik, Iceland"]
[Date "2021.08.30"]
[Round "5.41"]
[White "Sivuk, Vitaly"]
[Black "Sylvan, Jacob"]
[Result "1-0"]
[WhiteElo "2589"]
[BlackElo "2307"]
[PlyCount "77"]
[EventDate "2021.08.26"]

1. e4 c5 2. Nf3 e6 3. d4 cxd4 4. Nxd4 Nc6 5. Nc3 Qc7 6. Qd3 Nf6 7. Ndb5 Qb8 8.
Qg3 d6 9. Be3 a6 10. Nd4 Bd7 11. O-O-O b5 12. Nxc6 Bxc6 13. f3 d5 14. e5 Nd7
15. f4 b4 16. Ne2 g6 17. Nd4 Bb5 18. h4 Nc5 19. h5 Ne4 20. Qg4 gxh5 21. Rxh5
Bd7 22. Bd3 Nc3 23. Rdh1 Nxa2+ 24. Kd2 b3 25. c3 Qc7 26. Rxh7 Rxh7 27. Rxh7
O-O-O 28. Rxf7 Bb4 29. Ne2 Nxc3 30. bxc3 Qa5 31. Bd4 Qa2+ 32. Ke3 Bf8 33. f5
Bh6+ 34. Kf2 Rh8 35. fxe6 Be8 36. e7+ Kb8 37. Rf6 b2 38. Rb6+ Kc7 39. Qe6 1-0

[Event "European Individual Chess Championship "]
[Site "Reykjavik, Iceland"]
[Date "2021.08.30"]
[Round "5.42"]
[White "Can, Emre"]
[Black "Karason, Askell O"]
[Result "1-0"]
[WhiteElo "2569"]
[BlackElo "2270"]
[PlyCount "75"]
[EventDate "2021.08.26"]

1. d4 Nf6 2. c4 e6 3. Nf3 b6 4. a3 Bb7 5. Bf4 d5 6. cxd5 exd5 7. Qa4+ c6 8. e3
Bd6 9. Bg5 Nbd7 10. Nc3 O-O 11. Bd3 h6 12. Bh4 Re8 13. O-O Qb8 14. Qc2 a6 15.
Rfd1 c5 16. dxc5 bxc5 17. Bg3 Bxg3 18. hxg3 Bc6 19. Rac1 Qb7 20. Rd2 d4 21.
exd4 cxd4 22. Ne2 Bxf3 23. gxf3 Ne5 24. Nxd4 Nxf3+ 25. Nxf3 Qxf3 26. Qd1 Qb7
27. b4 Re7 28. Bf1 Rae8 29. Rd8 Re1 30. Qxe1 Rxd8 31. Qe2 Rd6 32. Rd1 Re6 33.
Rd8+ Kh7 34. Qd3+ g6 35. Rd6 Rxd6 36. Qxd6 Qf3 37. Qxa6 h5 38. Qd3 1-0

[Event "European Individual Chess Championship "]
[Site "Reykjavik, Iceland"]
[Date "2021.08.30"]
[Round "5.44"]
[White "Aizenberg, Benny"]
[Black "Valsecchi, Alessio"]
[Result "1/2-1/2"]
[WhiteElo "2309"]
[BlackElo "2527"]
[PlyCount "208"]
[EventDate "2021.08.26"]

1. e4 e5 2. Nf3 Nc6 3. Bb5 a6 4. Ba4 d6 5. c3 Bd7 6. d4 Nge7 7. O-O Ng6 8. Re1
Be7 9. Nbd2 O-O 10. Nf1 Bg4 11. d5 Nh4 12. N1d2 Nb8 13. h3 Nxf3+ 14. Nxf3 Bc8
15. c4 f5 16. exf5 Bxf5 17. Be3 Nd7 18. Rc1 Qe8 19. Bc2 Bxc2 20. Rxc2 Qg6 21.
Rc3 b6 22. Bc1 a5 23. b3 Rae8 24. Re2 h6 25. Nd2 Bg5 26. Ne4 Bxc1 27. Qxc1 Rf4
28. Qc2 Ref8 29. Rg3 Qf5 30. Nc3 Qxc2 31. Rxc2 Nc5 32. Re3 R8f7 33. Rce2 Rd4
34. Nb5 Rdf4 35. Nc3 Kf8 36. Ne4 Ke7 37. f3 Rf8 38. Kf2 Kd7 39. Ke1 a4 40. b4
Nxe4 41. Rxe4 c6 42. Rxf4 Rxf4 43. Re4 cxd5 44. cxd5 b5 45. Kd2 Ke7 46. a3 g5
47. Ke3 Rf8 48. h4 Rc8 49. Kd2 Rg8 50. Rg4 Kf6 51. h5 Kf5 52. Kd3 Rc8 53. Kd2
Re8 54. Re4 Rc8 55. Rg4 Rc7 56. Re4 Kf6 57. Rg4 Rg7 58. Kd3 Rg8 59. Kd2 Kf5 60.
Kd3 Re8 61. Re4 Re7 62. Kd2 Rc7 63. Rg4 Kf6 64. Re4 Kg7 65. Rg4 Rf7 66. Ke3 Rf4
67. g3 Rf8 68. Re4 Rc8 69. Kd2 Kf6 70. Rg4 Rg8 71. Kd3 Kf5 72. Kd2 Rg7 73. Kd3
Kf6 74. Kd2 Ke7 75. Kd3 Rg8 76. Kd2 Rf8 77. Ke3 Rf5 78. Re4 Kf7 79. Ke2 g4 80.
fxg4 Rg5 81. Kf3 Rg8 82. Re3 Kf6 83. Rc3 Kg5 84. Rc7 Rf8+ 85. Ke2 Kxg4 86. Rg7+
Kxh5 87. g4+ Kh4 88. Rg6 Rd8 89. Kf3 h5 90. gxh5 Kxh5 91. Re6 Kg5 92. Ke4 Rd7
93. Re8 Rh7 94. Rd8 Rh4+ 95. Ke3 Kf6 96. Rxd6+ Kf5 97. Rb6 Rh3+ 98. Kd2 Rxa3
99. Rxb5 Ke4 100. Ra5 Rd3+ 101. Kc2 Rxd5 102. Rxa4 Kf3 103. Ra5 Ke4 104. Rxd5
Kxd5 1/2-1/2

[Event "European Individual Chess Championship "]
[Site "Reykjavik, Iceland"]
[Date "2021.08.30"]
[Round "5.45"]
[White "Hjartarson, Johann"]
[Black "Humburg, Philipp"]
[Result "1-0"]
[WhiteElo "2519"]
[BlackElo "2245"]
[PlyCount "65"]
[EventDate "2021.08.26"]

1. e4 c5 2. Nf3 Nc6 3. d4 cxd4 4. Nxd4 Nf6 5. Nc3 d6 6. Bg5 e6 7. Qd2 a6 8.
O-O-O Bd7 9. f4 Be7 10. Nf3 b5 11. Bxf6 gxf6 12. f5 h5 13. Kb1 b4 14. fxe6 fxe6
15. Ne2 Qa5 16. Nf4 Kf7 17. Be2 Rac8 18. Rhf1 Rc7 19. Nxe6 b3 20. Qxa5 bxc2+
21. Kxc2 Nxa5+ 22. Nxc7 Rc8 23. Nd4 Rxc7+ 24. Kb1 Rc1+ 25. Rxc1 Nb3 26. Bc4+ d5
27. Bxb3 Ba3 28. bxa3 Ba4 29. Bxa4 dxe4 30. Rc7+ Kf8 31. Rxf6+ Kg8 32. Bb3+ Kh8
33. Rf8# 1-0

[Event "European Individual Chess Championship "]
[Site "Reykjavik, Iceland"]
[Date "2021.08.30"]
[Round "5.46"]
[White "Steingrimsson, Hedinn"]
[Black "Papidakis, Georgios"]
[Result "1-0"]
[WhiteElo "2519"]
[BlackElo "2228"]
[PlyCount "69"]
[EventDate "2021.08.26"]

1. Nf3 Nf6 2. g3 d5 3. Bg2 c6 4. O-O Bg4 5. c4 e6 6. d3 dxc4 7. dxc4 Qxd1 8.
Rxd1 Nbd7 9. Nc3 Bb4 10. Na4 Bxf3 11. exf3 b5 12. a3 Be7 13. cxb5 cxb5 14. Nc3
a6 15. f4 Rb8 16. Ne2 Nb6 17. Bc6+ Kf8 18. f5 e5 19. b3 Bc5 20. b4 Be7 21. f4
e4 22. Be3 Nc4 23. Bd4 g6 24. fxg6 hxg6 25. Nc3 Rd8 26. Nxe4 Rxd4 27. Rxd4 Ng4
28. Ra2 Kg7 29. Rd7 Bd8 30. Bd5 Bb6+ 31. Kh1 Nce3 32. Rxf7+ Kh6 33. h3 Kh5 34.
Be6 Nh6 35. Nf6# 1-0

[Event "European Individual Chess Championship "]
[Site "Reykjavik, Iceland"]
[Date "2021.08.30"]
[Round "5.47"]
[White "Ftacnik, Lubomir"]
[Black "Thorhallsson, Simon"]
[Result "1/2-1/2"]
[WhiteElo "2513"]
[BlackElo "2199"]
[PlyCount "70"]
[EventDate "2021.08.26"]

1. Nf3 Nf6 2. c4 c5 3. Nc3 Nc6 4. e3 g6 5. d4 cxd4 6. exd4 d5 7. cxd5 Nxd5 8.
Qb3 Nxc3 9. Bc4 e6 10. bxc3 Bg7 11. Ba3 Bf8 12. Bxf8 Kxf8 13. O-O Kg7 14. Qb2
b6 15. Rae1 Bb7 16. Re3 Rc8 17. Bb3 Qf6 18. Rfe1 Rhf8 19. Qe2 Rc7 20. Rd1 Na5
21. Ne5 Rfc8 22. c4 Qg5 23. Rg3 Qf4 24. Rg4 Qf6 25. Qe3 Ba6 26. Rf4 Qd8 27. Ng4
Nxc4 28. Bxc4 Bxc4 29. Qe5+ Kf8 30. Nf6 Rc5 31. Nxh7+ Kg8 32. Nf6+ Kf8 33. Nh7+
Kg8 34. Nf6+ Kf8 35. Nh7+ Kg8 1/2-1/2

[Event "European Individual Chess Championship "]
[Site "Reykjavik, Iceland"]
[Date "2021.08.30"]
[Round "5.48"]
[White "Milikow, Yoav"]
[Black "Sebenik, Matej"]
[Result "0-1"]
[WhiteElo "2287"]
[BlackElo "2492"]
[PlyCount "84"]
[EventDate "2021.08.26"]

1. d4 d5 2. c4 c6 3. Nf3 Nf6 4. g3 Bg4 5. Ne5 Bf5 6. cxd5 cxd5 7. Nc3 Nc6 8. f3
Rc8 9. Bf4 h5 10. e3 a6 11. Qb3 Na5 12. Qa4+ Bd7 13. Nxd7 Nxd7 14. Nxd5 b5 15.
Bxb5 axb5 16. Qxb5 e6 17. Nc3 Be7 18. h4 Nc4 19. Ne4 Qb6 20. Qxb6 Ndxb6 21. b3
Na3 22. O-O Nd5 23. Nd6+ Bxd6 24. Bxd6 Nc2 25. Rac1 Kd7 26. Bc5 Ndxe3 27. Rf2
Nxd4 28. Rd2 e5 29. Kf2 Nef5 30. b4 Ke6 31. Re1 Kf6 32. f4 Ne6 33. Rxe5 Rhd8
34. Rc2 Nxc5 35. bxc5 Rc6 36. Rb2 Ra8 37. Rd2 g6 38. Rb2 Ra5 39. Rc2 Ra3 40.
Rd2 Rc3 41. Rdd5 Rc2+ 42. Re2 R2xc5 0-1

[Event "European Individual Chess Championship "]
[Site "Reykjavik, Iceland"]
[Date "2021.08.30"]
[Round "5.49"]
[White "Vrolijk, Liam"]
[Black "Gombocz, Ferenc Jr."]
[Result "1-0"]
[WhiteElo "2480"]
[BlackElo "2191"]
[PlyCount "67"]
[EventDate "2021.08.26"]

1. d4 d5 2. c4 c6 3. Nf3 Nf6 4. Nc3 a6 5. g3 Bg4 6. Ne5 Be6 7. cxd5 Nxd5 8. Bg2
Nd7 9. Nd3 Qb6 10. e4 Nb4 11. Nxb4 Qxb4 12. O-O Bc4 13. Re1 e5 14. Bd2 Qxb2 15.
Rb1 Qa3 16. Rxb7 O-O-O 17. Qb1 Bd3 18. Qxd3 Kxb7 19. Rb1+ Ka7 20. Be3 Qa5 21.
Qc4 c5 22. Bd2 cxd4 23. Na4 Bb4 24. Rxb4 Rc8 25. Qxf7 Qc7 26. Qxg7 Rhg8 27. Qf7
Rgd8 28. Bf1 d3 29. Be3+ Ka8 30. Bxd3 Qc6 31. Bc4 a5 32. Bd5 axb4 33. Nb6+ Nxb6
34. Bxb6 1-0

[Event "European Individual Chess Championship "]
[Site "Reykjavik, Iceland"]
[Date "2021.08.30"]
[Round "5.50"]
[White "Quparadze, Giga"]
[Black "Kanyamarala, Trisha"]
[Result "1-0"]
[WhiteElo "2476"]
[BlackElo "2180"]
[PlyCount "69"]
[EventDate "2021.08.26"]

1. e4 c5 2. Nf3 d6 3. d4 cxd4 4. Nxd4 Nf6 5. Nc3 Nc6 6. Nb3 e6 7. f4 Be7 8. Be3
a6 9. Qf3 Qc7 10. g4 b5 11. Bg2 Bb7 12. g5 Nd7 13. O-O Nb6 14. Nd2 b4 15. Ne2
d5 16. Qf2 Nc4 17. Nxc4 dxc4 18. f5 Ne5 19. Bb6 Qb8 20. Ng3 Ng4 21. Qe2 Bc6 22.
Bd4 e5 23. Qxg4 exd4 24. f6 Bd7 25. Qf3 gxf6 26. e5 Ra7 27. exf6 Bd6 28. Qe4+
Kf8 29. Qxd4 Bxg3 30. hxg3 Be6 31. Rad1 Rd7 32. Qc5+ Kg8 33. Rxd7 Bxd7 34. Rd1
Qxg3 35. Qc8+ 1-0

[Event "European Individual Chess Championship "]
[Site "Reykjavik, Iceland"]
[Date "2021.08.30"]
[Round "5.51"]
[White "Loiseau, Quentin"]
[Black "Stremavicius, Pijus"]
[Result "1-0"]
[WhiteElo "2466"]
[BlackElo "2146"]
[PlyCount "51"]
[EventDate "2021.08.26"]

1. d4 Nf6 2. Nf3 b6 3. c4 e6 4. Nc3 Bb4 5. Qb3 c5 6. Bg5 h6 7. Bh4 g5 8. Bg3
Ne4 9. Rd1 Nc6 10. d5 Na5 11. Qc2 Nxg3 12. hxg3 Qf6 13. Nd2 Bxc3 14. Qxc3 Qxc3
15. bxc3 Ke7 16. f4 Bb7 17. e4 f5 18. exf5 exd5 19. Kf2 Kf6 20. cxd5 Bxd5 21.
Nf3 Bxa2 22. Rxd7 Kxf5 23. Rd6 Bc4 24. g4+ Kxg4 25. Rf6 Rae8 26. Nh2+ 1-0

[Event "European Individual Chess Championship "]
[Site "Reykjavik, Iceland"]
[Date "2021.08.30"]
[Round "5.52"]
[White "Vedder, Richard"]
[Black "Petenyi, Tamas"]
[Result "0-1"]
[WhiteElo "2266"]
[BlackElo "2463"]
[PlyCount "74"]
[EventDate "2021.08.26"]

1. d4 g6 2. c4 Bg7 3. Nc3 d6 4. e4 a6 5. Nf3 Bg4 6. Be2 Nc6 7. Be3 e5 8. dxe5
Bxf3 9. Bxf3 Nxe5 10. Be2 Nf6 11. O-O O-O 12. f3 c5 13. Qd2 Nc6 14. Rfd1 Ne8
15. Bf1 Bd4 16. Ne2 Bxe3+ 17. Qxe3 Qe7 18. Qc3 Nc7 19. Nf4 Nd4 20. Nd5 Nxd5 21.
exd5 Rfe8 22. Re1 Qg5 23. g3 Qh5 24. Kg2 Qf5 25. Rac1 h5 26. Re3 Rxe3 27. Qxe3
Qf6 28. Bd3 b5 29. a3 bxc4 30. Rxc4 Rb8 31. b4 a5 32. Rxd4 cxd4 33. Qe1 axb4
34. axb4 Qe5 35. Qxe5 dxe5 36. b5 Kf8 37. f4 e4 0-1

[Event "European Individual Chess Championship "]
[Site "Reykjavik, Iceland"]
[Date "2021.08.30"]
[Round "5.53"]
[White "Gueci, Tea"]
[Black "Saraci, Nderim"]
[Result "1/2-1/2"]
[WhiteElo "2188"]
[BlackElo "2455"]
[PlyCount "141"]
[EventDate "2021.08.26"]

1. e4 e5 2. Nf3 Nc6 3. Bc4 Bc5 4. c3 Nf6 5. d4 exd4 6. e5 d5 7. Bb5 Ne4 8. cxd4
Bb6 9. Nc3 O-O 10. Be3 Bg4 11. h3 Bh5 12. Qc2 Bg6 13. Qb3 Ne7 14. O-O c6 15.
Bd3 Nf5 16. Qc2 Nxe3 17. fxe3 Ng3 18. Bxg6 hxg6 19. Rfe1 Ba5 20. a3 Bxc3 21.
bxc3 Rc8 22. Rab1 b6 23. Kh2 Ne4 24. Nd2 Ng5 25. Qd3 c5 26. a4 Qd7 27. Rb5 Rc7
28. a5 bxa5 29. Ra1 cxd4 30. cxd4 Rfc8 31. Rbxa5 Rc3 32. Qf1 R8c7 33. R5a3 Rc2
34. R3a2 R2c3 35. Ra3 Rc2 36. R3a2 Qc8 37. Qf4 Ne6 38. Qf3 Rxa2 39. Rxa2 Rd7
40. Qe2 Rc7 41. Qb5 Rd7 42. Nb3 Qb7 43. Ra5 Qc7 44. Nc5 Nxc5 45. Qxc5 Qb8 46.
Qc6 Qd8 47. Rc5 Kh7 48. Qc8 Qe7 49. Qc6 Qd8 50. Qc8 Qxc8 51. Rxc8 f6 52. e6 Re7
53. Rc6 f5 54. Kg3 g5 55. Kf3 g6 56. Rd6 Kg7 57. Rxd5 Kf6 58. Ra5 Kxe6 59. Ra6+
Kf7 60. g4 Kg7 61. Kf2 f4 62. exf4 gxf4 63. h4 g5 64. hxg5 Rd7 65. Kf3 Rxd4 66.
Rxa7+ Kg6 67. Ra5 Rb4 68. Rf5 Ra4 69. Rxf4 Ra3+ 70. Kf2 Kxg5 71. Rb4 1/2-1/2

[Event "European Individual Chess Championship "]
[Site "Reykjavik, Iceland"]
[Date "2021.08.30"]
[Round "5.54"]
[White "Player, Edmund C"]
[Black "Petkov, Momchil"]
[Result "0-1"]
[WhiteElo "2172"]
[BlackElo "2443"]
[PlyCount "74"]
[EventDate "2021.08.26"]

1. e4 c5 2. Nf3 d6 3. d4 cxd4 4. Nxd4 Nf6 5. Nc3 a6 6. h3 e5 7. Nde2 h5 8. g3
Be7 9. Bg2 b5 10. Nd5 Nxd5 11. Qxd5 Ra7 12. Be3 Rb7 13. Qd2 Nd7 14. Nc3 Nf6 15.
a3 O-O 16. Bg5 Be6 17. O-O a5 18. Bxf6 Bxf6 19. Rfd1 b4 20. axb4 axb4 21. Nd5
Bg5 22. Qe2 h4 23. gxh4 Bxh4 24. Ra6 Qg5 25. Qe3 Qh5 26. Rd3 Rc8 27. c3 bxc3
28. Rxc3 Rxc3 29. Qxc3 Qe2 30. Ra8+ Kh7 31. Qf3 Qxf3 32. Bxf3 Rxb2 33. Bg4
Bxf2+ 34. Kf1 Bxd5 35. exd5 Bc5 36. h4 Rf2+ 37. Ke1 Rf4 0-1

[Event "European Individual Chess Championship "]
[Site "Reykjavik, Iceland"]
[Date "2021.08.30"]
[Round "5.55"]
[White "Saraci, Korab"]
[Black "Koellner, Ruben Gideon"]
[Result "1/2-1/2"]
[WhiteElo "2154"]
[BlackElo "2418"]
[PlyCount "141"]
[EventDate "2021.08.26"]

1. e4 d6 2. d4 Nf6 3. Nc3 e5 4. Nf3 Nbd7 5. Bc4 Be7 6. O-O c6 7. a4 Qc7 8. h3
h6 9. Re1 Nf8 10. Bb3 g5 11. Be3 Ng6 12. Nh2 a5 13. Qe2 Nf4 14. Qc4 Bd8 15.
dxe5 dxe5 16. Bb6 Qe7 17. Bxd8 Kxd8 18. Qxf7 Qxf7 19. Bxf7 Ke7 20. Bc4 g4 21.
hxg4 Nxg4 22. Nxg4 Bxg4 23. Ne2 Bxe2 24. Bxe2 Rad8 25. g3 Ne6 26. Red1 Nc5 27.
Bf3 Rxd1+ 28. Rxd1 Nxa4 29. Ra1 Nxb2 30. Rxa5 b5 31. Ra6 Kd6 32. Be2 Kc5 33. f4
Rc8 34. Bg4 Rg8 35. Bd7 Rxg3+ 36. Kh2 exf4 37. Rxc6+ Kd4 38. Rxh6 Rg5 39. Rb6
Nc4 40. Rxb5 Ne5 41. Kh3 f3 42. Rb3 Nxd7 43. Rxf3 Ne5 44. Rg3 Rh5+ 45. Kg2 Kxe4
46. c4 Nd3 47. Rg8 Nc5 48. Re8+ Kf4 49. Rf8+ Ke3 50. Rf3+ Ke4 51. Rf8 Rg5+ 52.
Kf1 Rg6 53. Re8+ Kf3 54. Rf8+ Ke3 55. Re8+ Ne4 56. c5 Rf6+ 57. Kg1 Kf3 58. c6
Rg6+ 59. Kf1 Rxc6 60. Rf8+ Ke3 61. Re8 Rc2 62. Kg1 Kf3 63. Rf8+ Kg4 64. Kf1
Ng3+ 65. Kg1 Nh5 66. Kf1 Nf4 67. Ke1 Ng2+ 68. Kd1 Ne3+ 69. Ke1 Ng2+ 70. Kd1
Ne3+ 71. Ke1 1/2-1/2

[Event "European Individual Chess Championship "]
[Site "Reykjavik, Iceland"]
[Date "2021.08.30"]
[Round "5.56"]
[White "Sokolovsky, Yahli"]
[Black "Birkisson, Bjorn Holm"]
[Result "1-0"]
[WhiteElo "2415"]
[BlackElo "2064"]
[PlyCount "55"]
[EventDate "2021.08.26"]

1. e4 c5 2. Nf3 d6 3. d4 cxd4 4. Nxd4 Nf6 5. Nc3 a6 6. h3 e5 7. Nb3 Be6 8. f4
b5 9. f5 Bc8 10. Bg5 Nbd7 11. a4 bxa4 12. Rxa4 Nb6 13. Ra2 Be7 14. Qf3 h6 15.
Bxf6 Bxf6 16. Bd3 O-O 17. O-O Qc7 18. Rfa1 Bg5 19. g3 Nc4 20. h4 Nd2 21. Nxd2
Bxd2 22. Nd5 Qc5+ 23. Kf1 Bb7 24. Ne7+ Kh8 25. f6 g6 26. Ke2 Bb4 27. c3 Bxc3
28. Rc1 1-0

[Event "European Individual Chess Championship "]
[Site "Reykjavik, Iceland"]
[Date "2021.08.30"]
[Round "5.57"]
[White "Hardarson, Petur Palmi"]
[Black "Baltag, Iulian"]
[Result "0-1"]
[WhiteElo "2084"]
[BlackElo "2410"]
[PlyCount "100"]
[EventDate "2021.08.26"]

1. d4 Nf6 2. c4 g6 3. Nc3 Bg7 4. e4 d6 5. h3 O-O 6. Be3 e5 7. d5 a5 8. g4 Na6
9. Nge2 Nd7 10. Ng3 Bf6 11. Qd2 Bh4 12. Bh6 Re8 13. Be3 Ndc5 14. Nge2 Kh8 15.
Ng1 f5 16. gxf5 gxf5 17. exf5 Bxf5 18. Nf3 Nb4 19. Nxh4 Nc2+ 20. Kd1 Nxe3+ 21.
Qxe3 Qxh4 22. Be2 Rf8 23. Kd2 Bg6 24. Raf1 Rf4 25. Rhg1 Rd4+ 26. Kc1 Nd3+ 27.
Bxd3 Rxd3 28. Qg5 Qxg5+ 29. Rxg5 Rxh3 30. Rg3 Rh4 31. b3 Rf8 32. Nb5 Rf7 33.
Kd2 Rhf4 34. Ke3 R4f6 35. f3 Kg7 36. Rfg1 Kf8 37. a3 Rf4 38. Nc3 Rd4 39. Ne4
Ke7 40. Rh3 Bxe4 41. fxe4 a4 42. Rc1 axb3 43. c5 b2 44. cxd6+ cxd6 45. Rb1 Ra4
46. Rh2 Rxa3+ 47. Kd2 Raf3 48. Ke2 Rb3 49. Kd2 Kd8 50. Kc2 Re3 0-1